[Event "WchT Seniors 65"]
[Site "Struga"]
[Date "2023.09.20"]
[Round "2.2"]
[White "Binham, Timothy F"]
[Black "Meister, Jakob"]
[Result "1/2-1/2"]
[WhiteElo "2280"]
[BlackElo "2439"]
[PlyCount "105"]
[EventDate "2023.09.19"]
[EventType "team-swiss"]
[EventRounds "9"]
[EventCountry "MKD"]
[SourceTitle "EXT 2024"]
[Source "ChessBase"]
[SourceDate "2023.10.10"]
[SourceVersion "1"]
[SourceVersionDate "2023.10.10"]
[SourceQuality "1"]
[WhiteTeam "Finland 65"]
[BlackTeam "Lasker Schachstiftung 65"]
[WhiteTeamCountry "FIN"]
[BlackTeamCountry "GER"]

1. d4 Nf6 2. Nf3 g6 3. c4 Bg7 4. Nc3 d5 5. Bf4 c6 6. e3 0-0 7. Rc1 a6 8. h3 b5 9. cxd5 cxd5 10. Qb3 Nc6 11. Be2 Bb7 12. 0-0 Rc8 13. Ne5 Nxe5 14. Bxe5 Bc6 15. a4 bxa4 16. Nxa4 Bxa4 17. Qxa4 a5 18. Rxc8 Qxc8 19. Qxa5 Qc2 20. Bf3 Qxb2 21. Bxd5 Nxd5 22. Qxd5 e6 23. Qc5 Bxe5 24. Qxe5 Rc8 25. g4 Qb7 26. Qf6 Qd5 27. Ra1 Qd8 28. Qxd8+ Rxd8 29. Ra5 h6 30. h4 Kg7 31. Kg2 Rb8 32. Kg3 Rb2 33. f3 Rd2 34. g5 h5 35. Ra7 Rd1 36. Rd7 Rh1 37. e4 Kf8 38. d5 exd5 39. Rxd5 Ke7 40. Ra5 Rg1+ 41. Kf4 Rh1 42. Ra7+ Kf8 43. Ke5 Rxh4 44. f4 Kg8 45. f5 gxf5 46. exf5 Rb4 47. Kf6 Rb6+ 48. Ke7 Kg7 49. Ke8 Rb8+ 50. Ke7 Rb6 51. Ra8 Rb7+ 52. Kd6 h4 53. Ke5 1/2-1/2

[Event "Wch Seniors 65 30th"]
[Site "Assisi"]
[Date "2022.11.20"]
[Round "6"]
[White "Koehler, Gerhard"]
[Black "Binham, Timothy F"]
[Result "1/2-1/2"]
[WhiteElo "2198"]
[BlackElo "2284"]
[PlyCount "104"]
[EventDate "2022.11.15"]
[EventType "swiss"]
[EventRounds "11"]
[EventCountry "ITA"]
[SourceTitle "CBM 211 Extra"]
[Source "ChessBase"]
[SourceDate "2023.01.31"]
[SourceVersion "1"]
[SourceVersionDate "2023.01.31"]
[SourceQuality "1"]

1. c4 e5 2. Nc3 Nf6 3. g3 Bb4 4. Bg2 0-0 5. Nf3 Re8 6. 0-0 c6 7. Qc2 d5 8. cxd5 cxd5 9. d4 e4 10. Nd2 Nc6 11. Nb3 h6 12. Bf4 Bf5 13. Rac1 Rc8 14. Qd2 b6 15. f3 Qd7 16. Rfe1 Re6 17. Be3 Rce8 18. f4 h5 19. h3 Ne7 20. a3 Bd6 21. Nd1 Qb5 22. Rc3 Bb8 23. Nf2 Rc6 24. Rec1 Rec8 25. Rxc6 Rxc6 26. Rxc6 Qxc6 27. Kf1 Bc8 28. Nd1 Ba6 29. Nc3 Nf5 30. Kf2 Qd6 31. Na1 h4 32. g4 Nxe3 33. Qxe3 Qxf4+ 34. Qxf4 Bxf4 35. Nc2 Bc4 36. Ne3 Bb3 37. Nb1 Kf8 38. Nd2 Ba4 39. b3 Bc6 40. Nb1 g6 41. Nc2 Ke7 42. Nc3 Bb7 43. Nb5 a6 44. Nc3 Kd7 45. e3 Bg3+ 46. Kg1 Kd6 47. Ne2 g5 48. Bf1 a5 49. Nxg3 hxg3 50. Kg2 Bc6 51. Kxg3 Bd7 52. Be2 Ne8 1/2-1/2

[Event "FIN-chT 2223"]
[Site "Finland"]
[Date "2022.11.12"]
[Round "6.1"]
[White "Jouhki, Yrjo Markus"]
[Black "Binham, Timothy F"]
[Result "1-0"]
[WhiteElo "2254"]
[BlackElo "2285"]
[PlyCount "53"]
[EventDate "2022.09.24"]
[EventType "team-tourn"]
[EventRounds "11"]
[EventCountry "FIN"]
[SourceTitle "EXT 2024"]
[Source "ChessBase"]
[SourceDate "2023.10.10"]
[SourceVersion "1"]
[SourceVersionDate "2023.10.10"]
[SourceQuality "1"]
[WhiteTeam "Joensuu SK"]
[BlackTeam "Helsinki HSK"]
[WhiteTeamCountry "FIN"]
[BlackTeamCountry "FIN"]

1. Nf3 c5 2. g3 Nc6 3. Bg2 g6 4. 0-0 Bg7 5. c4 e5 6. Nc3 Nge7 7. a3 0-0 8. Ne1 d6 9. Nc2 Be6 10. d3 d5 11. cxd5 Nxd5 12. Ne3 Nde7 13. Ne4 b6 14. b4 cxb4 15. axb4 h6 16. Bb2 Nxb4 17. Ba3 Nbd5 18. Nxd5 Bxd5 19. Qa4 f5 20. Bxe7 Qxe7 21. Nf6+ Bxf6 22. Bxd5+ Kg7 23. Bxa8 Rxa8 24. Qc6 Rd8 25. Ra6 Rd6 26. Qa8 Rd7 27. e4 1-0

[Event "FIN-chT 2223"]
[Site "Finland"]
[Date "2022.11.05"]
[Round "5.1"]
[White "Meskovs, Nikita"]
[Black "Binham, Timothy F"]
[Result "1-0"]
[WhiteElo "2562"]
[BlackElo "2285"]
[PlyCount "81"]
[EventDate "2022.09.24"]
[EventType "team-tourn"]
[EventRounds "11"]
[EventCountry "FIN"]
[SourceTitle "EXT 2024"]
[Source "ChessBase"]
[SourceDate "2023.10.10"]
[SourceVersion "1"]
[SourceVersionDate "2023.10.10"]
[SourceQuality "1"]
[WhiteTeam "Vammala SK"]
[BlackTeam "Helsinki HSK"]
[WhiteTeamCountry "FIN"]
[BlackTeamCountry "FIN"]

1. Nf3 d5 2. d4 Nf6 3. c4 dxc4 4. e3 c5 5. Bxc4 e6 6. Nc3 a6 7. a4 Nc6 8. 0-0 Qc7 9. h3 Bd6 10. Qe2 0-0 11. Rd1 b6 12. d5 exd5 13. Nxd5 Nxd5 14. Bxd5 Bb7 15. Ng5 Rad8 16. Qh5 h6 17. Ne4 Be7 18. Nc3 Nb4 19. Bxb7 Qxb7 20. e4 Rxd1+ 21. Qxd1 Bf6 22. Qg4 Qc8 23. Qg3 Qe6 24. Bf4 Bd4 25. Rd1 Rd8 26. Be5 f6 27. Bf4 Kf7 28. Qf3 Rd7 29. Rd2 c4 30. Nd5 Nd3 31. b3 b5 32. bxc4 bxc4 33. Be3 Be5 34. Qh5+ Kg8 35. Rc2 Rb7 36. f4 Rb1+ 37. Kh2 Nxf4 38. Bxf4 Bxf4+ 39. Nxf4 Qxe4 40. Qd5+ Qxd5 41. Nxd5 1-0

[Event "EU-chT Seniors 65"]
[Site "Dresden"]
[Date "2022.11.04"]
[Round "9.2"]
[White "Baum, Bernd"]
[Black "Binham, Timothy F"]
[Result "0-1"]
[WhiteElo "2267"]
[BlackElo "2285"]
[PlyCount "64"]
[EventDate "2022.10.27"]
[EventType "team-swiss"]
[EventRounds "9"]
[EventCountry "GER"]
[SourceTitle "EXT 2024"]
[Source "ChessBase"]
[SourceDate "2023.10.10"]
[SourceVersion "1"]
[SourceVersionDate "2023.10.10"]
[SourceQuality "1"]
[WhiteTeam "Germany 65 III"]
[BlackTeam "Finland 65"]
[WhiteTeamCountry "GER"]
[BlackTeamCountry "FIN"]

1. Nf3 c5 2. c4 Nf6 3. g3 d5 4. cxd5 Nxd5 5. Bg2 Nc6 6. Nc3 Nc7 7. 0-0 e5 8. d3 Be7 9. Nd2 Bd7 10. a4 0-0 11. Nc4 b6 12. f4 exf4 13. gxf4 Rb8 14. Bd2 a6 15. Ne4 b5 16. axb5 axb5 17. Ne3 f5 18. Nc3 Nd4 19. Nc2 Be6 20. Nxd4 Qxd4+ 21. Kh1 b4 22. Na4 Bd5 23. Qc2 Ne6 24. e3 Bxg2+ 25. Kxg2 Qd5+ 26. e4 fxe4 27. dxe4 Qh5 28. Qc4 Qg4+ 29. Kh1 Kh8 30. f5 Nd4 31. Rf4 Qh5 32. Nxc5 Bxc5 0-1

[Event "FIN-ch Seniors 65"]
[Site "Helsinki"]
[Date "2022.04.22"]
[Round "8"]
[White "Lyly, Seppo"]
[Black "Binham, Timothy F"]
[Result "0-1"]
[WhiteElo "1908"]
[BlackElo "2275"]
[PlyCount "142"]
[EventDate "2022.04.15"]
[EventType "swiss"]
[EventRounds "9"]
[EventCountry "FIN"]
[SourceTitle "CBM 208 Extra"]
[Source "ChessBase"]
[SourceDate "2022.07.31"]
[SourceVersion "1"]
[SourceVersionDate "2022.07.31"]
[SourceQuality "1"]

1. e4 e5 2. Nf3 Nc6 3. Bb5 Bc5 4. c3 f5 5. d3 fxe4 6. dxe4 Nf6 7. Qe2 d6 8. b4 Bb6 9. a4 a5 10. Be3 Bxe3 11. Qxe3 0-0 12. Bc4+ Kh8 13. b5 Ne7 14. 0-0 Qe8 15. Nbd2 b6 16. Rfe1 Qh5 17. Qg5 h6 18. Qxh5 Nxh5 19. g3 Nf6 20. Kg2 Bb7 21. Bd3 g6 22. h3 Kg7 23. Bc2 Nd7 24. Nb3 Ng8 25. Rad1 Rf7 26. Nfd2 Raf8 27. f3 Ne7 28. Re3 g5 29. Rde1 Ng6 30. Bd1 h5 31. Rf1 Rf6 32. Be2 Ne7 33. Rd3 Rh8 34. Rh1 Ng6 35. Re3 Ne7 36. Rd3 Nf8 37. Re3 Ne6 38. Rf1 Ng6 39. Bd1 Kf7 40. Be2 Ke7 41. Bd1 Rg8 42. Kh2 Rgf8 43. Be2 Kd7 44. Bd1 Ne7 45. Be2 Rg6 46. Bd1 Ng8 47. Rd3 Nf6 48. Be2 Rg7 49. Re3 Ke7 50. Bd1 Rgf7 51. Be2 Kd7 52. Bd1 Kd8 53. Be2 Ke7 54. Bd1 g4 55. h4 gxf3 56. Rexf3 d5 57. exd5 Bxd5 58. Rf5 Ng4+ 59. Bxg4 hxg4 60. Rxf7+ Rxf7 61. Rxf7+ Kxf7 62. c4 Bb7 63. Nf1 Nd4 64. Nxd4 exd4 65. Nd2 Bf3 66. Kg1 Bd1 67. Kf2 Bxa4 68. Nb1 Bc2 69. Na3 Be4 70. Ke1 Ke6 71. Kd2 Kd6 0-1

[Event "EU-ch Online U2300 Qual"]
[Site "Chess.com INT"]
[Date "2020.05.25"]
[Round "6"]
[White "Binham, Timothy F"]
[Black "Ignatescu, Radu Mihai"]
[Result "0-1"]
[WhiteElo "2279"]
[BlackElo "2294"]
[PlyCount "82"]
[EventDate "2020.05.25"]
[EventType "swiss"]
[EventRounds "8"]
[EventCountry "NET"]
[SourceTitle "EXT 2021"]
[Source "ChessBase"]
[SourceDate "2020.10.23"]
[SourceVersion "1"]
[SourceVersionDate "2020.10.23"]
[SourceQuality "1"]

1. e4 Nf6 2. e5 Nd5 3. c4 Nb6 4. c5 Nd5 5. Nc3 e6 6. Bc4 Nxc3 7. dxc3 Bxc5 8. Qg4 Rg8 9. Nf3 d5 10. Bd3 g6 11. Ng5 f5 12. exf6 Qxf6 13. Nxh7 Qxf2+ 14. Kd1 Nc6 15. Rf1 Ne5 16. Bb5+ c6 17. Qg5 Nf7 18. Nf6+ Kf8 19. Rxf2 Nxg5 20. Rf1 cxb5 21. Bxg5 Kg7 22. Nxg8 Kxg8 23. Kd2 e5 24. h3 Bf5 25. g4 Be4 26. Bf6 d4 27. Bxe5 dxc3+ 28. bxc3 Rd8+ 29. Bd4 b4 30. Ke3 Bxd4+ 31. cxd4 Bc2 32. Rac1 b3 33. axb3 Bxb3 34. Rc7 Bd5 35. Rf6 Re8+ 36. Kd2 Be4 37. Rff7 Bd5 38. Rg7+ Kf8 39. h4 a5 40. h5 gxh5 41. gxh5 Re4 0-1

[Event "EU-ch Online U2300 Qual"]
[Site "Chess.com INT"]
[Date "2020.05.25"]
[Round "5"]
[White "Brondt, Nicolai Kvist"]
[Black "Binham, Timothy F"]
[Result "1-0"]
[WhiteElo "2223"]
[BlackElo "2279"]
[PlyCount "53"]
[EventDate "2020.05.25"]
[EventType "swiss"]
[EventRounds "8"]
[EventCountry "NET"]
[SourceTitle "EXT 2021"]
[Source "ChessBase"]
[SourceDate "2020.10.23"]
[SourceVersion "1"]
[SourceVersionDate "2020.10.23"]
[SourceQuality "1"]

1. d4 f5 2. Nc3 Nf6 3. Bg5 d5 4. e3 e6 5. Nf3 Bd6 6. Be2 0-0 7. 0-0 c6 8. Na4 Nbd7 9. c4 Qe8 10. Nc3 Ne4 11. Bf4 Be7 12. Ne5 Bf6 13. Nxd7 Bxd7 14. f3 Ng5 15. Qc2 Nf7 16. Rad1 Rc8 17. e4 dxe4 18. fxe4 e5 19. dxe5 Bxe5 20. Bxe5 Nxe5 21. exf5 Rd8 22. Qe4 Qe7 23. Kh1 Qf6 24. c5 Bc8 25. Rxd8 Rxd8 26. h3 Kf8 27. Qf4 1-0

[Event "FIN-chT 1920"]
[Site "Finland"]
[Date "2020.02.08"]
[Round "7.1"]
[White "Kanep, Meelis"]
[Black "Binham, Timothy F"]
[Result "1-0"]
[WhiteElo "2439"]
[BlackElo "2288"]
[PlyCount "83"]
[EventDate "2019.09.14"]
[EventType "team-tourn"]
[EventRounds "11"]
[EventCountry "FIN"]
[SourceTitle "CBM 195 Extra"]
[Source "ChessBase"]
[SourceDate "2020.05.31"]
[SourceVersion "1"]
[SourceVersionDate "2020.05.31"]
[SourceQuality "1"]
[WhiteTeam "Vantaa EtVaS"]
[BlackTeam "Helsinki HSK"]
[WhiteTeamCountry "FIN"]
[BlackTeamCountry "FIN"]

1. d4 Nf6 2. c4 c5 3. d5 b5 4. cxb5 a6 5. e3 g6 6. Nc3 Bg7 7. a4 0-0 8. e4 e6 9. e5 Ne8 10. Nf3 Bb7 11. bxa6 Nxa6 12. Bc4 Nb4 13. Bg5 Qa5 14. 0-0 Nc7 15. d6 Ncd5 16. Ne4 h6 17. Bxd5 Nxd5 18. Bd2 Qb6 19. Qc1 Nf4 20. Qxc5 Ne2+ 21. Kh1 Qb3 22. Nc3 Bxf3 23. gxf3 Qxb2 24. Qe3 Nxc3 25. Bxc3 Qc2 26. a5 Rfc8 27. Bd4 Qf5 28. Ra4 Rc6 29. Qe4 Qg5 30. f4 Qh4 31. Be3 Rca6 32. Bb6 Qh3 33. Rc1 h5 34. Rac4 Kh7 35. Rc7 Rxa5 36. Bxa5 Rxa5 37. Rxd7 Ra2 38. Qe3 Qf5 39. Rdc7 g5 40. R7c4 Bh6 41. Rd4 gxf4 42. Qd3 1-0

[Event "FIN-chT 1920"]
[Site "Finland"]
[Date "2019.11.23"]
[Round "5.1"]
[White "Binham, Timothy F"]
[Black "Karttunen, Mika"]
[Result "0-1"]
[WhiteElo "2288"]
[BlackElo "2473"]
[PlyCount "54"]
[EventDate "2019.09.14"]
[EventType "team-tourn"]
[EventRounds "11"]
[EventCountry "FIN"]
[SourceTitle "EXT 2022"]
[Source "ChessBase"]
[SourceDate "2021.10.06"]
[SourceVersion "1"]
[SourceVersionDate "2021.10.06"]
[SourceQuality "1"]
[WhiteTeam "Helsinki HSK"]
[BlackTeam "Tampere Tammer"]
[WhiteTeamCountry "FIN"]
[BlackTeamCountry "FIN"]

1. e4 e5 2. Bc4 Nf6 3. d3 Nc6 4. Nc3 Na5 5. Qf3 d6 6. Nge2 c6 7. Bg5 Be7 8. h3 h6 9. Be3 Nxc4 10. dxc4 Be6 11. Ng3 Bxc4 12. Nf5 Bf8 13. 0-0-0 Be6 14. Nxd6+ Bxd6 15. Bc5 Bxc5 16. Rxd8+ Rxd8 17. Qg3 0-0 18. Qxe5 Bxf2 19. Qf4 Bc5 20. g4 Be7 21. Kb1 Rd7 22. Rg1 Rfd8 23. g5 hxg5 24. Qxg5 Ng4 25. Qf4 Bc5 26. Rf1 Ne3 27. Rg1 Ng2 0-1

[Event "FIN-chT1A 1617"]
[Site "Finland"]
[Date "2017.02.05"]
[Round "7.1"]
[White "Plat, Vojtech"]
[Black "Binham, Timothy F"]
[Result "1-0"]
[WhiteElo "2519"]
[BlackElo "2285"]
[PlyCount "51"]
[EventDate "2016.09.17"]
[EventType "team-tourn"]
[EventRounds "7"]
[EventCountry "FIN"]
[SourceTitle "EXT 2019"]
[Source "ChessBase"]
[SourceDate "2018.10.10"]
[SourceVersion "1"]
[SourceVersionDate "2018.10.10"]
[SourceQuality "1"]
[WhiteTeam "Sastamala VammSK"]
[BlackTeam "Helsinki HSK"]
[WhiteTeamCountry "FIN"]
[BlackTeamCountry "FIN"]

1. d4 Nf6 2. c4 c5 3. Nf3 cxd4 4. Nxd4 e5 5. Nb5 d5 6. cxd5 Bc5 7. e3 0-0 8. N5c3 Qe7 9. Nd2 Rd8 10. Qc2 Nxd5 11. Nxd5 Rxd5 12. b4 Bxb4 13. Qxc8+ Rd8 14. Qc2 Nc6 15. a3 Rac8 16. Bc4 Ba5 17. 0-0 b5 18. Bxb5 Nd4 19. Qa4 Bc3 20. exd4 Bxa1 21. dxe5 Bxe5 22. Nf3 Bf6 23. Bd2 Rd5 24. Bb4 Qc7 25. Re1 g6 26. Ba6 1-0

[Event "FIN-chT 1516"]
[Site "Finland"]
[Date "2015.11.06"]
[Round "9.2"]
[White "Binham, Timothy F"]
[Black "Ivanov, Sergey A"]
[Result "1-0"]
[WhiteElo "2293"]
[BlackElo "2329"]
[PlyCount "75"]
[EventDate "2015.09.12"]
[EventType "team-tourn"]
[EventRounds "11"]
[EventCountry "FIN"]
[SourceTitle "EXT 2017"]
[Source "ChessBase"]
[SourceDate "2016.10.25"]
[SourceVersion "1"]
[SourceVersionDate "2016.10.25"]
[SourceQuality "1"]
[WhiteTeam "Helsinki HSK"]
[BlackTeam "Helsinki Garde"]
[WhiteTeamCountry "FIN"]
[BlackTeamCountry "FIN"]

1. e4 c5 2. Nf3 Nc6 3. Bb5 g6 4. 0-0 Bg7 5. c3 Nf6 6. d4 cxd4 7. cxd4 Nxe4 8. d5 Nd6 9. Na3 a6 10. Bd3 Nb4 11. Be2 Qa5 12. Qb3 Nxd5 13. Bd2 Qb6 14. Qxd5 Qxb2 15. Nc4 Nxc4 16. Bxc4 Qf6 17. Bg5 Qf5 18. Rae1 e6 19. Qd6 Bf8 20. Qd4 Rg8 21. Re5 Qc2 22. Rc1 Qa4 23. Qb6 Be7 24. Bb3 Qa3 25. Bxe7 Kxe7 26. Rc7 Qd6 27. Qa5 b6 28. Qc3 Kd8 29. Rc4 Bb7 30. Re3 Ke7 31. Rd3 Bd5 32. Rc7 Kd8 33. Bxd5 exd5 34. Rc4 Re8 35. Qd2 Re7 36. Rxd5 Qf6 37. Rd6 Qf5 38. Nd4 1-0

[Event "FIN-chT 1415"]
[Site "Finland"]
[Date "2015.03.13"]
[Round "9.2"]
[White "Binham, Timothy F"]
[Black "Sipila, Vilka"]
[Result "0-1"]
[WhiteElo "2295"]
[BlackElo "2415"]
[PlyCount "72"]
[EventDate "2014.09.27"]
[EventType "team-tourn"]
[EventRounds "11"]
[EventCountry "FIN"]
[SourceTitle "EXT 2016"]
[Source "ChessBase"]
[SourceDate "2015.10.08"]
[SourceVersion "1"]
[SourceVersionDate "2015.10.08"]
[SourceQuality "1"]
[WhiteTeam "Helsinki HSK"]
[BlackTeam "Turku TuTS"]
[WhiteTeamCountry "FIN"]
[BlackTeamCountry "FIN"]

1. e4 c5 2. Nf3 d6 3. Bb5+ Nd7 4. 0-0 a6 5. Bxd7+ Bxd7 6. c3 Nf6 7. Re1 Bc6 8. d4 Bxe4 9. Bg5 d5 10. Nbd2 Bxf3 11. Qxf3 e6 12. Bxf6 Qxf6 13. Qxd5 Qe7 14. Qe4 0-0-0 15. Nb3 Qc7 16. Rad1 Bd6 17. g3 h6 18. Qg4 h5 19. Qg5 c4 20. Nd2 h4 21. Ne4 Bf8 22. b3 Rd5 23. Qe3 Be7 24. bxc4 Qxc4 25. Nd2 Qxa2 26. c4 Ra5 27. Qf3 Rf5 28. Qe4 Bb4 29. Re2 Rd8 30. Nf3 Qb3 31. Rd3 Qb1+ 32. Kg2 h3+ 33. Kxh3 Qf1+ 34. Kg4 g5 35. Ne5 Rh8 36. h4 gxh4 0-1

[Event "FIN-chT1 West 1314"]
[Site "Finland"]
[Date "2014.03.08"]
[Round "7.2"]
[White "Binham, Timothy F"]
[Black "Ronnqvist, Timo"]
[Result "1-0"]
[WhiteElo "2288"]
[BlackElo "2181"]
[PlyCount "71"]
[EventDate "2013.09.21"]
[EventType "team-tourn"]
[EventRounds "9"]
[EventCountry "FIN"]
[SourceTitle "EXT 2022"]
[Source "ChessBase"]
[SourceDate "2021.10.06"]
[SourceVersion "1"]
[SourceVersionDate "2021.10.06"]
[SourceQuality "1"]
[WhiteTeam "Helsinki HSK"]
[BlackTeam "Vantaa Remi"]
[WhiteTeamCountry "FIN"]
[BlackTeamCountry "FIN"]

1. Nf3 Nf6 2. g3 d5 3. Bg2 g6 4. 0-0 Bg7 5. c4 c6 6. b3 0-0 7. Bb2 Nbd7 8. d3 b6 9. Nbd2 Bb7 10. Rc1 Rc8 11. Rc2 c5 12. cxd5 Nxd5 13. Bxg7 Kxg7 14. Qa1+ Kg8 15. a3 Rc7 16. e4 N5f6 17. e5 Nh5 18. e6 fxe6 19. Ng5 Ng7 20. Bxb7 Rxb7 21. d4 cxd4 22. Qxd4 Nf6 23. Qe3 Qd5 24. h3 Rd8 25. Nc4 Qf5 26. Re2 h6 27. Nxe6 Qxh3 28. Nf4 Qf5 29. Qf3 Rbd7 30. Ne5 Rd1 31. Nexg6 Qb1 32. Rxd1 Qxd1+ 33. Kg2 e6 34. Nxe6 Nxe6 35. Qxf6 Qxe2 36. Ne7+ 1-0

[Event "FIN-chT 1213"]
[Site "Finland"]
[Date "2013.03.10"]
[Round "14.3"]
[White "Pihlajasalo, Antti"]
[Black "Binham, Timothy F"]
[Result "1-0"]
[WhiteElo "2438"]
[BlackElo "2301"]
[PlyCount "97"]
[EventDate "2012.09.28"]
[EventType "team-tourn"]
[EventRounds "11"]
[EventCountry "FIN"]
[SourceTitle "EXT 2014"]
[Source "ChessBase"]
[SourceDate "2013.11.20"]
[SourceVersion "1"]
[SourceVersionDate "2013.11.20"]
[SourceQuality "1"]
[WhiteTeam "Salo SK"]
[BlackTeam "Helsinki HSK"]
[WhiteTeamCountry "FIN"]
[BlackTeamCountry "FIN"]

1. g3 e5 2. Bg2 d5 3. Nf3 Nc6 4. 0-0 Nf6 5. d4 Bd6 6. dxe5 Nxe5 7. Nc3 c6 8. e4 dxe4 9. Nxe5 Bxe5 10. Qxd8+ Kxd8 11. Nxe4 Nxe4 12. Bxe4 Bh3 13. Re1 f6 14. Bf4 Bxf4 15. gxf4 Kc7 16. Re3 Rae8 17. Rae1 Bd7 18. Bd3 g6 19. h4 c5 20. Kh2 Kd6 21. Kg3 Bc6 22. f5 gxf5 23. Bxf5 Rxe3+ 24. Rxe3 Bd5 25. Kf4 h6 26. Rd3 c4 27. Rg3 Rg8 28. c3 b5 29. Bg6 Rg7 30. Be8 Rc7 31. Re3 Rb7 32. a3 Be6 33. Rg3 a6 34. Bh5 Re7 35. Rg6 Rh7 36. Rxf6 Ke7 37. Ke5 Bc8 38. Rc6 Kd7 39. Rd6+ Kc7 40. Rf6 Re7+ 41. Kd4 Re1 42. Rxh6 Rb1 43. Kc5 Rxb2 44. Rh7+ Kb8 45. f3 Rg2 46. Kb6 Rg8 47. Rh6 Rf8 48. Bg4 Bb7 49. h5 1-0

[Event "FIN-chT 1112"]
[Site "Finland"]
[Date "2012.03.11"]
[Round "11.3"]
[White "Wallin, Aleksi"]
[Black "Binham, Timothy F"]
[Result "1-0"]
[WhiteElo "2107"]
[BlackElo "2334"]
[PlyCount "119"]
[EventDate "2011.09.17"]
[EventType "team-tourn"]
[EventRounds "11"]
[EventCountry "FIN"]
[SourceTitle "EXT 2013"]
[Source "ChessBase"]
[SourceDate "2012.11.22"]
[SourceVersion "1"]
[SourceVersionDate "2012.11.22"]
[SourceQuality "1"]
[WhiteTeam "Oulu OSS"]
[BlackTeam "Helsinki HSK"]
[WhiteTeamCountry "FIN"]
[BlackTeamCountry "FIN"]

1. Nf3 c5 2. c4 Nf6 3. g3 d5 4. cxd5 Nxd5 5. Bg2 Nc6 6. Nc3 e6 7. 0-0 Be7 8. Nxd5 exd5 9. d4 0-0 10. dxc5 Bxc5 11. Bg5 Qb6 12. Rc1 Be6 13. Qc2 Bd4 14. Nxd4 Nxd4 15. Qd2 Bg4 16. Rfe1 Rae8 17. Be3 Nxe2+ 18. Rxe2 d4 19. Bxd4 Rxe2 20. Qxe2 Qxd4 21. Rc4 Bxe2 22. Rxd4 b5 23. Rd7 a5 24. Bd5 g5 25. f3 Bc4 26. b3 Bxd5 27. Rxd5 h6 28. Rxb5 a4 29. bxa4 Rc8 30. Rb1 Rc3 31. a5 Ra3 32. Ra1 Kf8 33. Kf2 Ke7 34. a6 Kd6 35. a7 Kc5 36. a8Q Rxa8 37. a4 Ra5 38. Ke3 Kc4 39. f4 gxf4+ 40. Kxf4 Kc3 41. Kg4 Kd3 42. Rf1 Rxa4+ 43. Kh5 Ra6 44. Rxf7 Ke4 45. h4 Ke5 46. Rh7 Ra3 47. g4 Kf4 48. Rf7+ Kg3 49. g5 hxg5 50. hxg5 Ra5 51. Kh6 Kg4 52. g6 Rh5+ 53. Kg7 Kg5 54. Ra7 Rh1 55. Ra5+ Kg4 56. Kf7 Rf1+ 57. Ke6 Rb1 58. g7 Rb6+ 59. Kf7 Rb7+ 60. Kg6 1-0

[Event "FIN-chT 1011"]
[Site "Finland"]
[Date "2011.03.12"]
[Round "8.4"]
[White "Issakainen, Ari"]
[Black "Binham, Timothy F"]
[Result "0-1"]
[WhiteElo "2284"]
[BlackElo "2321"]
[PlyCount "74"]
[EventDate "2010.09.18"]
[EventType "team-tourn"]
[EventRounds "9"]
[EventCountry "FIN"]
[SourceTitle "EXT 2012"]
[Source "ChessBase"]
[SourceDate "2011.11.24"]
[SourceVersion "1"]
[SourceVersionDate "2011.11.24"]
[SourceQuality "1"]
[WhiteTeam "Betfair Aatos"]
[BlackTeam "Helsinki SSK"]
[WhiteTeamCountry "FIN"]
[BlackTeamCountry "FIN"]

1. d4 Nf6 2. c4 c5 3. d5 b5 4. Nf3 g6 5. Qc2 Bg7 6. e4 0-0 7. cxb5 a6 8. Nc3 Bb7 9. Be3 d6 10. h3 Nbd7 11. Be2 axb5 12. Bxb5 Qa5 13. 0-0 Rfb8 14. a4 Ba6 15. Ra3 Bxb5 16. axb5 Qc7 17. Rfa1 Nb6 18. Nd2 Nfd7 19. Ra6 Qb7 20. Qd3 Rxa6 21. bxa6 Qc8 22. a7 Ra8 23. Ra2 Qb7 24. Nb5 Nc8 25. b4 Nxa7 26. Nb3 Ne5 27. Qe2 c4 28. N3d4 Nxb5 29. Rxa8+ Qxa8 30. Nxb5 Qa4 31. Nd4 Qxb4 32. f4 Qb1+ 33. Kh2 Qxe4 34. Qd2 Nd3 35. Nc6 Bf6 36. g3 c3 37. Qe2 c2 0-1

[Event "FIN-chT 1011"]
[Site "Finland"]
[Date "2011.02.13"]
[Round "7.5"]
[White "Binham, Timothy F"]
[Black "Hokkanen, Petri"]
[Result "0-1"]
[WhiteElo "2321"]
[BlackElo "2304"]
[PlyCount "70"]
[EventDate "2010.09.18"]
[EventType "team-tourn"]
[EventRounds "9"]
[EventCountry "FIN"]
[SourceTitle "EXT 2012"]
[Source "ChessBase"]
[SourceDate "2011.11.24"]
[SourceVersion "1"]
[SourceVersionDate "2011.11.24"]
[SourceQuality "1"]
[WhiteTeam "Helsinki SSK"]
[BlackTeam "Velhot"]
[WhiteTeamCountry "FIN"]
[BlackTeamCountry "FIN"]

1. e4 c5 2. f4 d5 3. exd5 Qxd5 4. Nc3 Qd6 5. Nf3 Nc6 6. Nb5 Qd8 7. a4 Nf6 8. Bc4 a6 9. Na3 g6 10. 0-0 Bg7 11. c3 Qd6 12. d3 0-0 13. Ng5 Na5 14. Qf3 Bd7 15. f5 Bxf5 16. Nxf7 Rxf7 17. Bxf7+ Kxf7 18. g4 Bxd3 19. Rd1 Be4 20. Qe2 Qe6 21. g5 Qg4+ 22. Qxg4 Nxg4 23. Rf1+ Bf5 24. Bf4 Ne5 25. Rad1 Nac6 26. Rd5 Ke6 27. Bxe5 Nxe5 28. Rxc5 b6 29. Rc7 Rd8 30. Nc4 Nxc4 31. Rxc4 Rd2 32. Re1+ Be5 33. Rc6+ Kd5 34. Rxe5+ Kxe5 35. Rxb6 Kf4 0-1

[Event "FIN-chT 1011"]
[Site "Finland"]
[Date "2010.09.19"]
[Round "2.5"]
[White "Hentunen, Asko"]
[Black "Binham, Timothy F"]
[Result "1/2-1/2"]
[WhiteElo "2337"]
[BlackElo "2321"]
[PlyCount "58"]
[EventDate "2010.09.18"]
[EventType "team-tourn"]
[EventRounds "9"]
[EventCountry "FIN"]
[SourceTitle "EXT 2012"]
[Source "ChessBase"]
[SourceDate "2011.11.24"]
[SourceVersion "1"]
[SourceVersionDate "2011.11.24"]
[SourceQuality "1"]
[WhiteTeam "Mat SK"]
[BlackTeam "Helsinki SSK"]
[WhiteTeamCountry "FIN"]
[BlackTeamCountry "FIN"]

1. c4 e5 2. g3 Nf6 3. Bg2 c6 4. a3 Be7 5. Nf3 e4 6. Nd4 d5 7. cxd5 Qxd5 8. Nc2 Qh5 9. h3 0-0 10. Nc3 Qg6 11. Ne3 Bc5 12. Qc2 Re8 13. 0-0 h5 14. h4 Nbd7 15. Rd1 Nb6 16. d3 Bxe3 17. Bxe3 Nbd5 18. Nxd5 Nxd5 19. Bd4 e3 20. Bxd5 cxd5 21. Qc7 exf2+ 22. Kxf2 Bg4 23. Rd2 Rac8 24. Qf4 Rc6 25. Re1 Kh7 26. Qg5 Qxg5 27. hxg5 Kg6 28. Bxa7 Kxg5 29. Bd4 f6 1/2-1/2